| 000 | 00339nam a22001337a 4500 | ||
|---|---|---|---|
| 999 |
_c512483 _d512483 |
||
| 008 | 191126b ||||| |||| 00| 0 eng d | ||
| 100 |
_aIyer, Parameswaran _913831 |
||
| 245 | _aThe people's policy | ||
| 260 | _bYojana | ||
| 300 | _a63(11), Nov, 2019: p.15-16. | ||
| 773 | _aYojana | ||
| 906 | _aSanitation - India | ||
| 942 |
_2ddc _cAR |
||